Представление документа в формате RUSMARC

ПолеНазваниеЗначение
  Тип записи c
  Библиографический уровень m
001 Контрольный номер RU/SLIB/B/208751488
005 Дата корректировки 20201206204133.7
010 Индекс ISBN __
d Цена 63-00
101 Язык документа __
a Язык текста rus
c Язык оригинала rus
200 Заглавие и сведения об ответственности 1_
a Заглавие Музыкальные диктанты
e Сведения, относящиеся к заглавию для 1-4 кл. ДМШ
f Первые сведения об ответственности Быканова Е. А., Стоклицкая Т. Л.
b Общее обозначение материала Ноты
210 Выходные данные __
a Место издания М.
c Издательство Композитор
d Дата издания 1993
215 Физическое описание __
a Объем 80 с.
c Иллюстрации/тип воспроизводства ноты
606 Тематические рубрики __
a Основная рубрика Музыка и зрелищные искусства
606 Тематические рубрики __
a Основная рубрика Инструментальная музыка
610 Ключевые слова __
a Ключевые слова музыкальные диктанты; ноты; музыкальные произведения
686 Индексы других классификаций __
a Классификационный индекс 85.90
700 Автор __
a Фамилия Быканова
b Имя Е. А.
4 Код отношения 070
702 Вторичная интеллектуальная ответственность __
a Фамилия Стоклицкая
b Имя Т. Л.
4 Код отношения Автор
801 Источник записи _0
a Страна RU
b Организация Муниципальное бюджетное учреждение культуры "Централизованная библиотечная система" г. Сургут (Центральная городская библиотека им. А. С. Пушкина)
g Правила каталогизации КиК/Михайлова
801 Источник записи _1
a Страна RU
b Организация Муниципальное бюджетное учреждение культуры "Централизованная библиотечная система" г. Сургут (Центральная городская библиотека им. А. С. Пушкина)
g Правила каталогизации КиК/Михайлова
852 Данные о местонахождении __
j Шифр хранения 85.90
c Каталожный индекс 85.90
i Авторский знак Б 95
p Инвентарный номер 50467
901 Тип документа __
t Тип документа m
990 Данные о заказе (DOS) __
j Количество экземпляров (DOS) 1